[Event "St.Petersburg Rapid 2014"]
[Site "St Petersburg RUS"]
[Date "2014.08.31"]
[Round "6.10"]
[White "Alekseenko, Kirill"]
[Black "Alekseev, Evgeny"]
[Result "1/2-1/2"]
[WhiteTitle "FM"]
[BlackTitle "GM"]
[WhiteElo "2480"]
[BlackElo "2675"]
[WhiteFideId "4135539"]
[BlackFideId "4138147"]
[EventDate "2014.08.30"]

1. e4 c5 2. Nf3 e6 3. d4 cxd4 4. Nxd4 Nc6 5. Nc3 a6 6. Be2 d6 7. O-O Nf6 8. Be3
Be7 9. f4 O-O 10. a4 Qc7 11. Kh1 Re8 12. Qd2 Bf8 13. Rad1 Bd7 14. Nb3 b6 15. Bf3
Rab8 16. g4 Bc8 17. g5 Nd7 18. Bg2 Na5 19. Qf2 Nc4 20. Bc1 Bb7 21. Rd3 g6 22.
Rh3 Bg7 23. f5 exf5 24. exf5 Bxg2+ 25. Qxg2 Qb7 26. Nd5 Re5 27. Rd3 b5 28. axb5
axb5 29. Bf4 Ree8 30. f6 Bf8 31. c3 Ndb6 32. Nxb6 Qxb6 33. Nd4 Ra8 34. Qd5 Nxb2
35. Rh3 Qc5 36. Qxc5 dxc5 37. Nxb5 Re2 38. Bd6 Nc4 39. Nc7 Rc8 40. Bxf8 Rxf8 41.
Nd5 h5 42. gxh6 Kh7 43. Nf4 Re5 44. Ng2 Rd8 45. Rh4 Ne3 46. Nxe3 Rxe3 47. Ra4
Rd7 48. Ra8 Re2 49. Rb1 Kxh6 50. h4 Kh7 51. h5 Rd5 52. hxg6+ Kxg6 53. Rf1 Rh5+
54. Kg1 Rg5+ 55. Kh1 Rf5 56. Rxf5 Kxf5 57. Rc8 Re5 58. Rc6 Kf4 59. Kg2 Rg5+ 60.
Kf2 Ke4 61. Rc7 Rf5+ 62. Ke2 Rxf6 1/2-1/2

[Event "St.Petersburg Rapid 2014"]
[Site "St Petersburg RUS"]
[Date "2014.08.31"]
[Round "6.11"]
[White "Lysyj, Igor"]
[Black "Popov, Valerij"]
[Result "1-0"]
[WhiteTitle "GM"]
[BlackTitle "GM"]
[WhiteElo "2683"]
[BlackElo "2546"]
[WhiteFideId "4150120"]
[BlackFideId "4119410"]
[EventDate "2014.08.30"]

1. d4 d5 2. c4 c6 3. Nf3 Nf6 4. e3 Bf5 5. Nc3 a6 6. Nh4 Be6 7. Qb3 Ra7 8. Be2
dxc4 9. Bxc4 Bxc4 10. Qxc4 e6 11. O-O b5 12. Qe2 c5 13. Rd1 Rd7 14. Nf3 Nc6 15.
a4 b4 16. Qxa6 Nb8 17. Qb5 bxc3 18. Ne5 c2 19. Rd2 Ne4 20. Nxd7 Nxd7 21. Rxc2
cxd4 22. exd4 Qh4 23. Rc8+ Ke7 24. Be3 1-0

[Event "St.Petersburg Rapid 2014"]
[Site "St Petersburg RUS"]
[Date "2014.08.31"]
[Round "6.12"]
[White "Belousov, Danila"]
[Black "Timofeev, Artyom"]
[Result "1-0"]
[WhiteTitle "FM"]
[BlackTitle "GM"]
[WhiteElo "2314"]
[BlackElo "2601"]
[WhiteFideId "4167350"]
[BlackFideId "4140419"]
[EventDate "2014.08.30"]

1. e4 e6 2. d4 d5 3. Nc3 Nc6 4. Bb5 dxe4 5. Nge2 f5 6. Nf4 Nf6 7. f3 Bb4 8. fxe4
O-O 9. Bxc6 bxc6 10. O-O c5 11. e5 cxd4 12. exf6 Qxf6 13. Nce2 Ba6 14. Rf3 Rad8
15. Rg3 Qf7 16. Nd3 Bd6 17. Bf4 Bxd3 18. cxd3 Bxf4 19. Nxf4 e5 20. Nh3 h6 21.
Rc1 Rfe8 22. Rc6 Rd6 23. Qc1 Rxc6 24. Qxc6 Kh7 25. Rf3 Re6 26. Qd5 c6 27. Qd8
Rf6 28. b3 Qd5 29. Qe8 Qc5 30. Rf1 Rf8 31. Qh5 Kg8 32. g4 Qc2 33. gxf5 Qxd3 34.
Nf2 Qd2 35. Qg4 c5 36. Ne4 Qe3+ 37. Kg2 h5 38. Qf3 Qxf3+ 39. Rxf3 Rc8 40. Rg3
Kf8 41. Rh3 c4 42. Rxh5 Ke7 43. bxc4 Rxc4 44. Rh7 Kf8 45. Rh8+ Ke7 46. Rh7 Kf8
47. Rh8+ Ke7 48. Kf3 Rc1 49. Ra8 Rf1+ 50. Ke2 Rxf5 51. Rxa7+ Kf8 52. a4 Rf4 53.
Nc5 Rh4 54. a5 Rxh2+ 55. Kd3 Rh3+ 56. Kc4 Rc3+ 57. Kb4 1-0

[Event "St.Petersburg Rapid 2014"]
[Site "St Petersburg RUS"]
[Date "2014.08.31"]
[Round "7.1"]
[White "Zvjaginsev, Vadim"]
[Black "Morozevich, Alexander"]
[Result "1/2-1/2"]
[WhiteTitle "GM"]
[BlackTitle "GM"]
[WhiteElo "2659"]
[BlackElo "2731"]
[WhiteFideId "4113403"]
[BlackFideId "4116992"]
[EventDate "2014.08.30"]

1. e4 e5 2. Nf3 Nc6 3. Bb5 Nge7 4. Bc4 d6 5. d4 Nxd4 6. Nxd4 exd4 7. Qxd4 Nc6 8.
Qc3 Be6 9. Ba6 Qc8 10. O-O f6 11. Be2 Be7 12. Bh5+ g6 13. Be2 Qd7 14. Bh6 Rg8
15. Be3 O-O-O 16. Nd2 Kb8 17. Nb3 f5 18. Bb5 a6 19. a4 Bxb3 20. Qxb3 Kc8 21. Qd5
Bf6 22. Bxc6 bxc6 23. Qc4 Qe8 24. exf5 gxf5 25. Qxa6+ Kd7 26. Qd3 Qh5 27. g3 Qf3
28. c3 Rb8 29. Rab1 Be5 30. Qd1 1/2-1/2

[Event "St.Petersburg Rapid 2014"]
[Site "St Petersburg RUS"]
[Date "2014.08.31"]
[Round "7.2"]
[White "Chigaev, Maksim"]
[Black "Khairullin, Ildar"]
[Result "1/2-1/2"]
[WhiteTitle "IM"]
[BlackTitle "GM"]
[WhiteElo "2483"]
[BlackElo "2638"]
[WhiteFideId "4108116"]
[BlackFideId "4151348"]
[EventDate "2014.08.30"]

1. g3 d5 2. Bg2 c6 3. d3 Nf6 4. Nf3 Bg4 5. O-O Nbd7 6. Nbd2 e5 7. Qe1 Bd6 8. e4
O-O 9. b3 Re8 10. Bb2 a5 11. a3 b5 12. Nh4 Qb6 13. Kh1 Qc7 14. h3 Be6 15. Qe3 d4
16. Qe2 a4 17. Nf5 Bf8 18. g4 g6 19. Rg1 axb3 20. cxb3 Nb6 21. f4 c5 22. fxe5
Nfd7 23. b4 Na4 24. Bc1 Nxe5 25. Nf3 Nc3 26. Qf1 Nxf3 27. Qxf3 cxb4 28. Bf4 Qd8
29. axb4 Rxa1 30. Rxa1 gxf5 31. gxf5 Ba2 32. Rg1 f6 33. e5 fxe5 34. Qg3+ Kf7 35.
Bg5 Be7 36. f6 Bxf6 37. Rf1 Nd5 38. Qh4 Rg8 39. Qxh7+ Rg7 40. Qh6 Rxg5 41. Qxg5
Nf4 42. Qf5 Bd5 43. Be4 Bxe4+ 44. dxe4 Qh8 45. Kh2 Qh4 46. Qd7+ Be7 47. Qf5+ Qf6
48. Qh7+ Ke8 49. Qg8+ Qf8 50. Qg4 Qf6 51. Qg8+ Bf8 52. Ra1 Qc6 53. Ra2 Qxe4 54.
Qg4 Qc6 55. Qf5 Qd5 56. Qc8+ Kf7 57. Qf5+ Ke8 58. Qc8+ Kf7 59. Qf5+ Kg8 60. Qg5+
Kf7 61. Qf5+ Ke8 62. Qc8+ Kf7 63. Qf5+ Kg8 64. Qg5+ 1/2-1/2

[Event "St.Petersburg Rapid 2014"]
[Site "St Petersburg RUS"]
[Date "2014.08.31"]
[Round "7.3"]
[White "Moiseenko, Alexander"]
[Black "Yemelin, Vasily"]
[Result "1/2-1/2"]
[WhiteTitle "GM"]
[BlackTitle "GM"]
[WhiteElo "2707"]
[BlackElo "2573"]
[WhiteFideId "14102560"]
[BlackFideId "4113217"]
[EventDate "2014.08.30"]

1. d4 Nf6 2. c4 e6 3. Nf3 b6 4. g3 Bb4+ 5. Nbd2 Bb7 6. Bg2 O-O 7. O-O d5 8. cxd5
exd5 9. Ne5 Be7 10. Ndf3 Na6 11. b3 c5 12. Bb2 Ne4 13. Rc1 Re8 14. Qc2 Qc8 15.
Nxf7 Kxf7 16. Ne5+ Kf8 17. Bxe4 dxe4 18. Qc4 Qf5 19. g4 b5 20. Qxb5 Qe6 21. Qxb7
cxd4 22. Qxe4 Bf6 23. f4 Qxg4+ 24. Nxg4 Rxe4 25. Nxf6 gxf6 26. Rc6 Nb4 27. Ba3
a5 28. Rxf6+ Kg7 29. Rd6 Rxe2 30. Rxd4 Kh6 31. Rf2 Rxa2 32. Bxb4 Ra1+ 33. Rf1
axb4 34. Rxb4 Rg8+ 35. Kf2 Ra2+ 36. Kf3 Rxh2 37. Rb6+ Kh5 38. Rb5+ Kh4 39. Ke4
Re2+ 40. Kd3 Rh2 41. b4 Rd8+ 42. Ke3 h5 43. Re5 Rh3+ 44. Ke4 Rdd3 45. b5 Rb3 46.
Kf5 Kg3 47. Rfe1 Kg2 48. R1e2+ Kf1 49. Re1+ Kf2 50. R1e2+ Kf1 51. Ke6 Rxb5 52.
Re1+ Kf2 53. Rxb5 Kxe1 54. f5 h4 55. Rb1+ Kf2 56. Rb2+ Kg1 57. Ke5 Rf3 58. Ke4
Rf1 59. Rb3 Kg2 60. Rb2+ Kg3 61. Ke5 1/2-1/2

[Event "St.Petersburg Rapid 2014"]
[Site "St Petersburg RUS"]
[Date "2014.08.31"]
[Round "7.4"]
[White "Panarin, Mikhail"]
[Black "Lysyj, Igor"]
[Result "1/2-1/2"]
[WhiteTitle "GM"]
[BlackTitle "GM"]
[WhiteElo "2555"]
[BlackElo "2683"]
[WhiteFideId "4153251"]
[BlackFideId "4150120"]
[EventDate "2014.08.30"]

1. e4 e5 2. Nf3 Nc6 3. Bb5 Nf6 4. O-O Nxe4 5. Qe2 Nd6 6. Bxc6 dxc6 7. Qxe5+ Qe7
8. Qa5 Qd8 9. Qe5+ Qe7 10. Qa5 Qd7 11. Qe5+ Qe6 12. Qa5 Be7 13. Re1 Qd7 14. Qg5
Nf5 15. Nh4 O-O 16. Qxf5 Qd8 17. Qf3 Bxh4 18. d3 Be6 19. Nc3 Be7 20. Bf4 Re8 21.
Ne4 Rc8 22. a3 Qd7 23. Qg3 Bf5 24. Re2 Bg6 25. Rae1 Bf8 26. h4 Re6 27. Qf3 h6
28. Ng3 Rce8 29. h5 Rxe2 30. Rxe2 Rxe2 31. Qxe2 Bh7 32. Qe5 Bd6 1/2-1/2

[Event "St.Petersburg Rapid 2014"]
[Site "St Petersburg RUS"]
[Date "2014.08.31"]
[Round "7.5"]
[White "Bocharov, Ivan"]
[Black "Rozum, Ivan"]
[Result "0-1"]
[WhiteTitle "FM"]
[BlackTitle "IM"]
[WhiteElo "2467"]
[BlackElo "2552"]
[WhiteFideId "4180887"]
[BlackFideId "24104272"]
[EventDate "2014.08.30"]

1. f4 d5 2. Nf3 Bg4 3. Ne5 Bf5 4. c4 d4 5. Qb3 Bc8 6. e4 Nf6 7. d3 g6 8. Nd2 Bg7
9. Ndf3 O-O 10. Be2 a5 11. Bd2 Nfd7 12. h4 h5 13. Nxd7 Nxd7 14. Ng5 b6 15. Qa3
Nf6 16. e5 Ng4 17. Bf3 Ra6 18. O-O Bf5 19. Rfe1 c5 20. b4 Ne3 21. Bxe3 dxe3 22.
bxc5 Qd4 23. Be4 Bg4 24. g3 bxc5 25. Rab1 Rd8 26. Kg2 e2 27. Nf3 Qe3 28. Qb2
Rxd3 29. Rxe2 Bxf3+ 0-1

[Event "St.Petersburg Rapid 2014"]
[Site "St Petersburg RUS"]
[Date "2014.08.31"]
[Round "7.6"]
[White "Vitiugov, Nikita"]
[Black "Belousov, Danila"]
[Result "1-0"]
[WhiteTitle "GM"]
[BlackTitle "FM"]
[WhiteElo "2742"]
[BlackElo "2314"]
[WhiteFideId "4152956"]
[BlackFideId "4167350"]
[EventDate "2014.08.30"]

1. d4 Nf6 2. Nf3 g6 3. c4 Bg7 4. Nc3 d5 5. h4 c5 6. dxc5 Qa5 7. cxd5 Nxd5 8.
Qxd5 Bxc3+ 9. Bd2 Bxd2+ 10. Qxd2 Qxd2+ 11. Nxd2 Be6 12. e3 Nd7 13. Bb5 O-O-O 14.
Nf3 Kc7 15. b4 Bd5 16. a3 a6 17. Be2 Bxf3 18. Bxf3 Ne5 19. Ke2 Rd7 20. Rhd1 Rhd8
21. Rxd7+ Rxd7 22. Be4 f5 23. Bc2 Nc4 24. Bb3 Ne5 25. Be6 Rd8 26. h5 Kc6 27. h6
Ng4 28. f3 Nf6 29. Rd1 Rxd1 30. Kxd1 a5 31. Kc2 axb4 32. axb4 b6 33. cxb6 Kxb6
34. Kc3 Kc6 35. Kc4 Kd6 36. Bf7 e6 37. b5 Ke7 38. Bxg6 hxg6 39. b6 Kf7 40. b7
Nd7 41. Kb5 Kg8 42. g4 g5 43. Kc6 Nb8+ 44. Kc7 Na6+ 45. Kc8 Kh7 46. b8=Q Nxb8
47. Kxb8 Kxh6 48. e4 Kg6 49. e5 Kf7 50. Kc7 Ke7 51. Kc6 Ke8 52. Kd6 1-0

[Event "St.Petersburg Rapid 2014"]
[Site "St Petersburg RUS"]
[Date "2014.08.31"]
[Round "7.7"]
[White "Gordievsky, Dmitry"]
[Black "Rublevsky, Sergei"]
[Result "0-1"]
[WhiteTitle "FM"]
[BlackTitle "GM"]
[WhiteElo "2441"]
[BlackElo "2698"]
[WhiteFideId "24112798"]
[BlackFideId "4115309"]
[EventDate "2014.08.30"]

1. d4 d5 2. c4 c6 3. Nc3 Nf6 4. e3 a6 5. Qc2 e6 6. Nf3 c5 7. cxd5 exd5 8. Be2
Be6 9. O-O Nc6 10. Rd1 cxd4 11. Nxd4 Nxd4 12. Rxd4 Bc5 13. Rd1 Qe7 14. Qa4+ Bd7
15. Qh4 h6 16. Qg3 Bd6 17. f4 Bc6 18. Bf3 O-O 19. Ne2 Ne4 20. Bxe4 Qxe4 21. Nd4
Bc5 22. b4 Bxb4 23. Bb2 f6 24. Rac1 Rac8 25. Qg4 h5 26. Qxh5 Bd7 27. Qf3 Rxc1
28. Rxc1 Bd2 29. Qxe4 dxe4 30. Rc7 Bxe3+ 31. Kf1 Rf7 32. Ke1 Bxf4 33. Rxb7 Bxh2
34. Ra7 Bg3+ 35. Kd2 Bf4+ 36. Ke1 Bb5 37. Ra8+ Kh7 38. Ne6 Bg3+ 39. Kd2 Bf2 40.
Bd4 e3+ 41. Bxe3 Bxe3+ 0-1

[Event "St.Petersburg Rapid 2014"]
[Site "St Petersburg RUS"]
[Date "2014.08.31"]
[Round "7.8"]
[White "Matlakov, Maxim"]
[Black "Alekseenko, Kirill"]
[Result "1-0"]
[WhiteTitle "GM"]
[BlackTitle "FM"]
[WhiteElo "2685"]
[BlackElo "2480"]
[WhiteFideId "4168003"]
[BlackFideId "4135539"]
[EventDate "2014.08.30"]

1. d4 d5 2. Nf3 Nf6 3. Bf4 e6 4. e3 c5 5. c3 Nc6 6. Nbd2 Be7 7. h3 O-O 8. Bd3
Nh5 9. Bh2 f5 10. dxc5 Bxc5 11. O-O Nf6 12. c4 Bd6 13. Bxd6 Qxd6 14. Rc1 f4 15.
Re1 fxe3 16. Rxe3 Bd7 17. a3 Rae8 18. b4 d4 19. Re1 e5 20. c5 Qc7 21. Ne4 Nxe4
22. Bxe4 Bf5 23. b5 Bxe4 24. Rxe4 Nd8 25. Qe2 Nf7 26. Nxd4 Ng5 27. Re3 Qa5 28.
Qc4+ Kh8 29. Nb3 Qd8 30. c6 bxc6 31. bxc6 Qf6 32. Qe2 Rc8 33. Rxe5 Qg6 34. Qg4
Qf7 35. Qxg5 Qxb3 36. Qe3 Qb2 37. c7 h6 38. f3 Qb7 39. Re7 Qb2 40. Rc6 Kh7 41.
Qxh6+ Kg8 42. Qe6+ Kh8 43. Rc4 1-0

[Event "St.Petersburg Rapid 2014"]
[Site "St Petersburg RUS"]
[Date "2014.08.31"]
[Round "7.9"]
[White "Alekseev, Evgeny"]
[Black "Simonian, Hrair"]
[Result "1/2-1/2"]
[WhiteTitle "GM"]
[BlackTitle "GM"]
[WhiteElo "2675"]
[BlackElo "2445"]
[WhiteFideId "4138147"]
[BlackFideId "13302337"]
[EventDate "2014.08.30"]

1. e4 c6 2. d4 d5 3. e5 Bf5 4. c4 e6 5. Nc3 Ne7 6. Be3 dxc4 7. Bxc4 Nd5 8. Nf3
Be7 9. O-O O-O 10. Bd3 Bxd3 11. Qxd3 Nd7 12. Ne4 Nxe3 13. fxe3 c5 14. Rac1 cxd4
15. exd4 Nb6 16. Rc2 Rc8 17. Rcf2 Nd5 18. a3 Rc7 19. h3 a6 20. Kh2 Rd7 21. Ng3
Bh4 22. Nxh4 Qxh4 23. Re1 f5 24. exf6 Nxf6 25. Qe2 Rdf7 26. Ref1 Nh5 27. Ne4
Rxf2 28. Rxf2 Rxf2 29. Nxf2 Qg3+ 30. Kg1 Nf4 31. Qe4 h6 32. Qxb7 Qe3 33. Qa8+
Kf7 34. Qf3 Qxf3 35. gxf3 Ne2+ 36. Kg2 Nxd4 37. Ne4 g5 38. Kf2 Nc6 39. b4 Nd4
40. a4 Nc2 41. b5 axb5 42. axb5 Ke7 43. b6 Kd7 44. Nf6+ Kc6 45. Ng8 h5 46. Nf6
Kxb6 47. Nxh5 Kc6 48. Kg3 Ne3 49. Nf6 Kd6 50. Ne4+ Ke5 51. Nxg5 Kf5 52. Ne4 e5
53. h4 Kg6 54. Kh3 Kh5 55. Nf6+ Kg6 56. Ng4 Nc4 57. Kg3 Kh5 58. Nf6+ Kg6 59. Ne4
Kh5 60. Kh3 Ne3 61. Ng3+ Kg6 62. Kh2 Kf6 63. Kg1 Nf5 64. Nxf5 Kxf5 65. Kf2 e4 1/2-1/2

[Event "St.Petersburg Rapid 2014"]
[Site "St Petersburg RUS"]
[Date "2014.08.31"]
[Round "7.10"]
[White "Khalifman, Alexander"]
[Black "Shkapenko, Pavel"]
[Result "1-0"]
[WhiteTitle "GM"]
[BlackTitle "IM"]
[WhiteElo "2621"]
[BlackElo "2421"]
[WhiteFideId "4100115"]
[BlackFideId "4151933"]
[EventDate "2014.08.30"]

1. d4 Nf6 2. c4 e6 3. g3 Bb4+ 4. Nc3 c5 5. Nf3 b6 6. Bg2 Bb7 7. O-O cxd4 8. Qxd4
Nc6 9. Qd3 O-O 10. Bf4 d5 11. cxd5 Nxd5 12. Nxd5 Qxd5 13. Qxd5 exd5 14. Rfd1
Rfd8 15. Nd4 Nxd4 16. Rxd4 Be7 17. Rc1 Bf6 18. Rd2 Rac8 19. Rxc8 Rxc8 20. Bxd5
Bxd5 21. Rxd5 Bxb2 22. Rd7 Ra8 23. Rb7 Bd4 24. Bb8 a5 25. e3 Bf6 26. a4 h5 27.
Rxb6 h4 28. Kg2 hxg3 29. hxg3 Bd8 30. Rb7 Ra6 31. Bc7 Be7 32. Rb6 Ra7 33. Rb8+
Kh7 34. Bb6 Ra6 35. Kf3 Bd6 36. Rb7 Bb4 37. Bd4 Kg8 38. Rb6 Ra8 39. Be5 Kh7 40.
Bd6 Bc3 41. Rc6 Bb4 42. g4 Ra7 43. Rc7 Ra8 44. Bxb4 axb4 45. Rxf7 Rb8 46. Rd7 b3
47. Rd1 Kg6 48. a5 Kf6 49. a6 Ke6 50. a7 Ra8 51. Rb1 1-0

[Event "St.Petersburg Rapid 2014"]
[Site "St Petersburg RUS"]
[Date "2014.08.31"]
[Round "7.11"]
[White "Matinian, Nikita"]
[Black "Aleksandrov, Aleksej"]
[Result "1/2-1/2"]
[WhiteTitle "IM"]
[BlackTitle "GM"]
[WhiteElo "2469"]
[BlackElo "2595"]
[WhiteFideId "24129100"]
[BlackFideId "13500139"]
[EventDate "2014.08.30"]

1. d4 d5 2. c4 e6 3. Nc3 Bb4 4. Nf3 Nf6 5. e3 O-O 6. Qc2 c5 7. a3 Bxc3+ 8. bxc3
Qc7 9. a4 Rd8 10. cxd5 exd5 11. Bd3 Nc6 12. dxc5 Bg4 13. Ba3 Bxf3 14. gxf3 Ne5
15. Be2 Nc4 16. Qa2 Qc6 17. Qb3 Nd7 18. Rg1 Nxc5 19. Bxc5 Qxc5 20. Rg4 Rac8 21.
Qb4 Qc7 22. h4 Ne5 23. Rf4 a5 24. Qd4 Qxc3+ 25. Qxc3 Rxc3 26. Rb1 Rd7 27. Rd4
Nc6 28. Rd2 Nb4 29. Rbd1 Kf8 30. Kf1 Ke7 31. e4 Rc5 32. Bb5 Rd6 33. f4 Rh6 34.
exd5 Rd6 35. Re1+ Kf6 36. Re8 Rcxd5 37. Rxd5 Nxd5 38. Kg2 Nxf4+ 39. Kg3 Nd5 40.
Rb8 b6 41. Bc4 Nc7 42. f3 Rc6 43. Bb3 h6 44. Rb7 g5 45. hxg5+ hxg5 46. Rb8 Kf5
47. Bxf7 Na6 48. Rg8 Nc5 49. Be8 Rd6 50. Bb5 Ne6 51. Bc4 Nf4 52. Rf8+ Ke5 53.
Re8+ Kd4 54. Bb5 Nd5 55. Rg8 Nc3 56. Rxg5 Rf6 57. Be8 Kc4 58. Kg4 Kb4 59. Re5
Kb3 60. Re3 Kc4 61. f4 Kd4 62. Re1 Rf8 63. f5 Nd5 64. Bg6 Rb8 65. Kg5 b5 66.
Rd1+ Ke5 67. Re1+ Kd4 68. Rd1+ Ke5 69. Re1+ Kd4 70. f6 Nxf6 71. Kxf6 bxa4 72.
Re4+ Kc5 73. Rxa4 Kb5 74. Ra1 Ra8 75. Ke5 a4 76. Kd4 Rd8+ 77. Kc3 Rc8+ 78. Kd2
Rd8+ 79. Bd3+ Kb4 80. Rb1+ Kc5 81. Rb5+ Kc6 82. Ra5 Rd4 83. Kc3 Rh4 84. Bc4 Rh3+
85. Kb4 a3 86. Bb3 Kd6 87. Rxa3 Ke5 88. Ra8 Rh1 89. Kc5 Rc1+ 90. Bc4 Rd1 91.
Re8+ Kf4 92. Bd5 Rd2 93. Kd6 Rd1 94. Rf8+ Ke3 95. Ke5 Rd3 96. Be4 Rc3 97. Rf3+
Kd2 98. Rf2+ Ke3 99. Rh2 Rc8 100. Rh3+ Kd2 101. Kd4 Rd8+ 102. Bd5 Re8 103. Rh2+
Re2 104. Rh8 Re7 105. Ra8 Rc7 106. Ra3 Rc8 107. Rd3+ Ke2 108. Rh3 Kf2 109. Be4
Rd8+ 110. Ke5 Ke2 111. Kf4 Kd2 112. Rh2+ Kc3 113. Ke3 Kb4 114. Rc2 Kb5 115. Rc1
Kb6 116. Kf4 Re8 117. Ke3 Rd8 118. Bf5 Kb5 119. Ke4 Re8+ 120. Kd4 Rd8+ 121. Ke5
Kb4 122. Be6 Rh8 123. Bd5 Rh4 124. Be4 Kb5 125. Kd5 Rh5+ 126. Kd4 Kb6 127. Rc6+
Kb5 128. Rc7 Kb4 129. Rb7+ Rb5 130. Rh7 Rg5 131. Rh1 Ka5 132. Rb1 Rb5 133. Ra1+
Kb6 134. Bd5 Rb2 135. Ra8 Rh2 136. Rb8+ Kc7 1/2-1/2

[Event "St.Petersburg Rapid 2014"]
[Site "St Petersburg RUS"]
[Date "2014.08.31"]
[Round "7.12"]
[White "Levin, Evgeny A."]
[Black "Malakhov, Igor"]
[Result "1-0"]
[WhiteTitle "GM"]
[BlackTitle "IM"]
[WhiteElo "2507"]
[BlackElo "2441"]
[WhiteFideId "4182596"]
[BlackFideId "4183088"]
[EventDate "2014.08.30"]

1. c4 c5 2. Nc3 g6 3. Nf3 Bg7 4. e3 Nf6 5. d4 cxd4 6. exd4 d5 7. cxd5 Nxd5 8.
Bc4 Nb6 9. Bb3 O-O 10. O-O Bg4 11. d5 Na6 12. h3 Bxf3 13. Qxf3 Nc5 14. Re1 Nxb3
15. axb3 Qd7 16. Bg5 Rfe8 17. Rad1 Rac8 18. Rd3 h6 19. Bh4 Rc5 20. Red1 Rec8 21.
Ne4 Rc2 22. d6 exd6 23. Nxd6 Rf8 24. Ne4 Qf5 25. Qxf5 gxf5 26. Nd6 Bxb2 27. Nxf5
Kh7 28. Rd6 f6 29. Re6 Rf7 30. Bg3 Rc5 31. Nd6 Rd7 32. Rb1 Be5 33. Ne4 Bd4 34.
Nxc5 Bxc5 35. Rxf6 Nd5 36. Rf3 Re7 37. Rd1 Nb4 38. Bf4 Nc6 39. Be3 Bb4 40. Rf6
Kg7 41. Rxh6 Na5 42. Rh4 Bc3 43. Bd4+ Bxd4 44. Rhxd4 Nxb3 45. Rd7 Kf6 46. Rxe7
Kxe7 47. Rb1 Nc5 48. g4 Kd6 49. h4 a5 50. h5 Kd5 1-0

[Event "St.Petersburg Rapid 2014"]
[Site "St Petersburg RUS"]
[Date "2014.08.31"]
[Round "8.1"]
[White "Morozevich, Alexander"]
[Black "Rozum, Ivan"]
[Result "1-0"]
[WhiteTitle "GM"]
[BlackTitle "IM"]
[WhiteElo "2731"]
[BlackElo "2552"]
[WhiteFideId "4116992"]
[BlackFideId "24104272"]
[EventDate "2014.08.30"]

1. e4 d6 2. Nc3 Nf6 3. f4 g6 4. d4 Bg7 5. Nf3 c5 6. dxc5 Qa5 7. Qd4 dxc5 8. Qc4
Nc6 9. e5 Nd7 10. Be3 Qb4 11. O-O-O O-O 12. a3 Qa5 13. h4 h5 14. Bd3 Nb6 15.
Qxc5 Bg4 16. Be4 Qxc5 17. Bxc5 Bh6 18. g3 Nd7 19. Bd4 Bxf3 20. Bxf3 Ndxe5 21.
Bxe5 Nxe5 22. Bxb7 Rab8 23. Rhe1 Rxb7 24. Rxe5 Bg7 25. Rb5 Rfb8 26. Rxb7 Rxb7
27. Rd3 e5 28. fxe5 Bxe5 29. b4 Rc7 30. Nb5 Rb7 31. c4 a6 32. Nc3 Kg7 33. Kc2 f5
34. Nd5 g5 35. Re3 Bb8 36. hxg5 Kg6 37. c5 Rd7 38. Rd3 Kxg5 39. a4 Rf7 40. b5
axb5 41. axb5 Kg4 42. b6 Bxg3 43. Rxg3+ Kxg3 44. c6 h4 45. b7 Rf8 46. c7 1-0

[Event "St.Petersburg Rapid 2014"]
[Site "St Petersburg RUS"]
[Date "2014.08.31"]
[Round "8.2"]
[White "Khairullin, Ildar"]
[Black "Zvjaginsev, Vadim"]
[Result "1/2-1/2"]
[WhiteTitle "GM"]
[BlackTitle "GM"]
[WhiteElo "2638"]
[BlackElo "2659"]
[WhiteFideId "4151348"]
[BlackFideId "4113403"]
[EventDate "2014.08.30"]

1. c4 c5 2. Nf3 Nc6 3. Nc3 g6 4. e3 Nf6 5. d4 cxd4 6. exd4 d5 7. cxd5 Nxd5 8.
Qb3 Nxc3 9. Bc4 e6 10. bxc3 Bg7 11. Ba3 Bf8 12. Bc1 Bg7 13. Ba3 Bf8 14. Bc1 1/2-1/2

[Event "St.Petersburg Rapid 2014"]
[Site "St Petersburg RUS"]
[Date "2014.08.31"]
[Round "8.3"]
[White "Panarin, Mikhail"]
[Black "Vitiugov, Nikita"]
[Result "0-1"]
[WhiteTitle "GM"]
[BlackTitle "GM"]
[WhiteElo "2555"]
[BlackElo "2742"]
[WhiteFideId "4153251"]
[BlackFideId "4152956"]
[EventDate "2014.08.30"]

1. e4 c5 2. Nf3 e6 3. d4 cxd4 4. Nxd4 Nc6 5. Nc3 Qc7 6. Be2 Nf6 7. Be3 a6 8. O-O
Be7 9. f4 d6 10. Kh1 O-O 11. Qe1 Nxd4 12. Bxd4 b5 13. e5 dxe5 14. Bxe5 Qa7 15.
Qg3 g6 16. Bd3 Nd7 17. Ne4 Bb7 18. Bd6 Bxe4 19. Bxe7 Bxd3 20. Qxd3 Nc5 21. Bxc5
Qxc5 22. Rad1 b4 23. Rd2 Qc7 24. h3 Rfd8 25. Qe2 a5 26. Rf3 Rxd2 27. Qxd2 Rd8
28. Qf2 Rd1+ 29. Kh2 Rc1 30. a3 Rxc2 31. Qd4 Qc5 32. Qf6 Rd2 33. axb4 axb4 34.
b3 Rd1 35. Kg3 Qg1 36. Qb2 Qe1+ 37. Rf2 Rd3+ 38. Kh2 Qe3 39. Rf3 Qd2 40. Qxd2
Rxd2 41. f5 e5 42. Re3 f6 43. Re4 Rd4 44. Rxd4 0-1

[Event "St.Petersburg Rapid 2014"]
[Site "St Petersburg RUS"]
[Date "2014.08.31"]
[Round "8.4"]
[White "Levin, Evgeny A."]
[Black "Moiseenko, Alexander"]
[Result "1/2-1/2"]
[WhiteTitle "GM"]
[BlackTitle "GM"]
[WhiteElo "2507"]
[BlackElo "2707"]
[WhiteFideId "4182596"]
[BlackFideId "14102560"]
[EventDate "2014.08.30"]

1. d4 Nf6 2. c4 e6 3. Nf3 Bb4+ 4. Bd2 c5 5. Bxb4 cxb4 6. g3 O-O 7. Bg2 d6 8. O-O
Nc6 9. a3 Re8 10. axb4 Nxb4 11. Nc3 Bd7 12. Qb3 a5 13. Nd2 Qc7 14. Nde4 Nxe4 15.
Nxe4 Bc6 16. c5 dxc5 17. dxc5 Bd5 18. Qa4 Red8 19. Rfd1 h6 20. Rac1 Qe5 21. Nc3
Bxg2 22. Kxg2 Rxd1 23. Rxd1 Qxc5 24. Rd7 Qc6+ 25. Qxc6 bxc6 26. Ne4 Nd5 27. Nd6
Rb8 28. Rb7 Rxb7 29. Nxb7 a4 30. Kf3 Nb6 31. Nc5 Kf8 32. Ke4 Ke7 33. Kd4 Kd6 34.
Ne4+ Kc7 35. Nc5 e5+ 36. Kc3 Kd6 37. Kb4 Nd5+ 38. Kc4 Nf6 39. h3 h5 40. f3 e4
41. Nxa4 exf3 42. exf3 g5 43. Nc3 Ke5 1/2-1/2

[Event "St.Petersburg Rapid 2014"]
[Site "St Petersburg RUS"]
[Date "2014.08.31"]
[Round "8.5"]
[White "Rublevsky, Sergei"]
[Black "Chigaev, Maksim"]
[Result "1-0"]
[WhiteTitle "GM"]
[BlackTitle "IM"]
[WhiteElo "2698"]
[BlackElo "2483"]
[WhiteFideId "4115309"]
[BlackFideId "4108116"]
[EventDate "2014.08.30"]

1. e4 c5 2. Nf3 d6 3. Bb5+ Nd7 4. O-O Nf6 5. Re1 a6 6. Bf1 b6 7. d4 cxd4 8. Nxd4
Bb7 9. c4 e6 10. Nc3 Be7 11. f3 O-O 12. Be3 Qc7 13. Qd2 Rac8 14. Kh1 Qb8 15. Bg1
Bd8 16. Red1 Bc7 17. b4 Kh8 18. Nb3 Rg8 19. a4 Ba8 20. Rab1 Ne5 21. c5 dxc5 22.
bxc5 Rcd8 23. Qc2 Nc6 24. cxb6 Bxb6 25. Nd2 Nd4 26. Bxd4 Rxd4 27. a5 1-0